Van Gogh paintings - Statistics

General Stats
  • This quiz has been taken 224 times
  • The average score is 4 of 10
Answer Stats
Picture Answer % Correct
The Starry Night
98%
Sunflowers
84%
Bedroom in Arles
50%
The Potato Eaters
49%
Irises
42%
Almond Blossom
24%
Café Terrace at Night
22%
Portrait of Dr. Gachet
10%
Wheat Field with Cypresses
6%
Self-portrait without beard
5%
No matching quizzes found
Score Distribution
Percent of People with Each Score
Percentile by Number Answered
Your Score History
You have not taken this quiz